00727nam a2200181 a 450000100100000000500170001000800410002704000250006810000380009324500810013125000120021226001000022430000210032449000350034583000420038095201060042299900170052800003780720201002031121.0130306s1981 xxu 000 0 spa d aDO-SdBNPbspacBNPHU1 aHernán ÒBrien, Horacio96425410aEstructuras albebraicas III :bgrupos finitos /cHoracio Hernán ÒBrien,. a2a. ed. aWshington, DC. :bSecretaría General de la Organización de los Estados Américanos,c1981. a138 p. ;c24 cm.1 aMatemáticoaMonografíav14 0aMatemáticopMonografíav14964255 0010507-18MOaGRbGRcOId2013-03-06iLF1l0o p37807-10r2020-06-25w2020-06-25y1ZNo se presta c37297d37297